Мовчать віки... (Запис № 343322)

МАРК-запис
000 -Лідер
fixed length control field 00783nam a22002537a 4500
001 - Контрольний номер
control field 57243
003 - Ідентифікатор контрольного номера
control field UA-OsUOA
005 - Дата та час останнього входження (трансакції)
control field 20210711223824.0
007 - Фіксоване поле фізичного опису
fixed length control field ta
008 - Елементи даних фіксованої довжини – загальна інформація
fixed length control field 20081208b un ||||| |||| 00| 0 ukr d
020 ## - Міжнародний стандартний книжковий номер (ISBN)
Міжнародний стандартний книжковий номер (ISBN) (НП) 9667270602
040 ## - Джерело каталогізації
Агенція оригінальної каталогізації UA-OsUOA
Мова каталогізації ukr
Агенція, яка здійснювала перезапис UA-OsUOA
Агенція, яка здійснювала модифікацію UA-OsUOA
041 ## - Код мови
Код мови тексту/ звукової доріжки чи окремого заголовка (П) ukr
080 ## - Індекс Універсальної десяткової класифікації
Індекс Універсальної десяткової класифікації (УДК) (НП) 821.161.2:7.071.7
090 ## - Локальний шифр розміщення
Класифікаційний індекс УДК 821.161.2:7.071.7
Авторський знак (НП) Б67
100 ## - Основне введення – ім’я особи
Ім’я особи (НП) Білаш О.
245 ## - Відомості про назву
Назва (НП) Мовчать віки...
Решта назви (НП) з останніх творів композитора і поета
260 ## - Публікація, розповсюдження і т.п. (Вихідні дані)
Місце публікації, розповсюдження і т.п. (П) К.
Ім’я/ наймення видавництва, розповсюджувача і т.п. (П) Київська правда
Дата публікації, розповсюдження і т.п. (П) 2006
300 ## - Фізичний опис
Обсяг 117 с.
650 #7 - Додаткове предметне введення – тематичний термін
Тематичний термін чи географічна назва, як елемент введення (НП) 82 Література. Літературознавство
Джерело заголовка чи терміна UDC
942 ## - Додаткові елементи входу (Коха)
Тип елемента Koha Книги
Source of classification or shelving scheme Universal Decimal Classification
955 ## - Код типу видання за змістом
Код типу видання за змістом (НП) Літературно-художні видання
Фонди
Стан вилучень Стан втрат Джерело класифікації або схеми стелажів Стан уражень Не для кредиту Постійне місце розташування Поточне розміщення Дата придбання Джерело придбання Вартість, звичайна ціна покупки Інвентарний номер Усього замовленно Повний номер виклику Штрих-код Дата останнього перегляду Ціна ефективна від Тип елемента Koha
    Universal Decimal Classification     АБ - Абонемент НБ АБ - Абонемент НБ 14/02/2008 20/2008 8.00 111734   82-01 Б50 111734 21/02/2022 14/02/2008 Книги
    Universal Decimal Classification     АБ - Абонемент НБ АБ - Абонемент НБ 14/02/2008 20/2008 8.00 111735   82-01 Б50 111735 21/02/2022 14/02/2008 Книги
    Universal Decimal Classification     АБ - Абонемент НБ АБ - Абонемент НБ 08/12/2008 167/2008 9.12 117756   821.161.2:7.071.7 Б67 117756 21/02/2022 08/12/2008 Книги
    Universal Decimal Classification     АБ - Абонемент НБ АБ - Абонемент НБ 08/12/2008 167/2008 9.12 117757   821.161.2:7.071.7 Б67 117757 21/02/2022 08/12/2008 Книги
    Universal Decimal Classification     АБ - Абонемент НБ АБ - Абонемент НБ 08/12/2008 167/2008 9.12 117758   821.161.2:7.071.7 Б67 117758 21/02/2022 08/12/2008 Книги
    Universal Decimal Classification     ЧЗ - Читальна зала ЧЗ - Читальна зала 09/07/2010 66/2010 9.12 128660   821.161.2-1 Б50 128660 12/11/2021 09/07/2010 Книги
    Universal Decimal Classification     ЧЗ - Читальна зала ЧЗ - Читальна зала 09/07/2010 66/2010 9.12 128661   821.161.2-1 Б50 128661 12/11/2021 09/07/2010 Книги